[Event "GER-ch Youth U18 2019"]
[Site "Willingen"]
[Date "2019.06.10"]
[Round "3.8"]
[White "Wong, Gengchun"]
[Black "Browning, Alex"]
[Result "1/2-1/2"]
[WhiteElo "2144"]
[BlackElo "2319"]
[Annotator "NA"]
[PlyCount "48"]
[EventDate "2019.06.07"]
[EventType "swiss"]
[EventRounds "9"]
[EventCountry "GER"]
[SourceTitle "playchess.com"]
[Source "ChessBase"]
[SourceQuality "1"]
[TimeControl "40/5400+30:1800+30"]

1. e4 {[%emt 0:00:00]} c5 {[%emt 0:00:00]} 2. Nf3 {[%emt 0:00:00]} d6 {[%emt 0:00:00]} 3. d4 {[%emt 0:00:00]} cxd4 {[%emt 0:00:00]} 4. Nxd4 {[%emt 0:00:00]} Nf6 {[%emt 0:00:01]} 5. Nc3 {[%emt 0:00:00]} a6 {[%emt 0:00:07]} 6. Bg5 {[%emt 0:00:05]} e6 {[%emt 0:00:10]} 7. f4 {[%emt 0:00:08]} h6 {[%emt 0:00:05]} 8. Bh4 {[%emt 0:00:09]} Qb6 {[%emt 0:00:07]} 9. Qd3 {[%emt 0:01:02]} Qxb2 {[%emt 0:04:27]} 10. Rb1 {[%emt 0:00:35]} Qa3 {[%emt 0:00:08]} 11. f5 {[%emt 0:00:28]} Be7 {[%emt 0:15:44]} 12. fxe6 {[%emt 0:00:09]} fxe6 {[%emt 0:02:44]} 13. Be2 {[%emt 0:00:58]} O-O {[%emt 0:11:04]} 14. O-O {[%emt 0:01:24]} Nc6 {[%emt 0:09:39]} 15. Nxc6 {[%emt 0:02:24]} bxc6 {[%emt 0:05:11]} 16. Nd5 {[%emt 0:01:46]} Qxd3 {[%emt 0:02:16]} 17. Nxe7+ {[%emt 0:00:04]} Kf7 {[%emt 0:00:08]} 18. cxd3 {[%emt 0:00:03]} Kxe7 {[%emt 0:00:20]} 19. e5 {[%emt 0:01:34]} dxe5 {[%emt 0:00:51]} 20. Bf3 {[%emt 0:00:34]} Bd7 {[%emt 0:12:08]} 21. Bg3 {[%emt 0:01:30]} Rab8 {[%emt 0:05:05]} 22. Bxe5 {[%emt 0:02:01]} Rb5 {[%emt 0:03:27]} 23. Rbe1 {[%emt 0:02:45]} Rc8 {[%emt 0:02:10]} 24. d4 {[%emt 0:13:22]} Be8 {[%emt 0:06:31] normal} 1/2-1/2

[Event "GER-ch Youth U18 2019"]
[Site "Willingen"]
[Date "2019.06.10"]
[Round "3.9"]
[White "Vuckovic, Zarko"]
[Black "Rockmann, Jan-Okke"]
[Result "1/2-1/2"]
[WhiteElo "2132"]
[BlackElo "1816"]
[Annotator "NA"]
[PlyCount "85"]
[EventDate "2019.06.07"]
[EventType "swiss"]
[EventRounds "9"]
[EventCountry "GER"]
[SourceTitle "playchess.com"]
[Source "ChessBase"]
[SourceQuality "1"]
[TimeControl "40/5400+30:1800+30"]

1. e4 {[%emt 0:00:00]} c5 {[%emt 0:00:00]} 2. c3 {[%emt 0:00:00]} d5 {[%emt 0:00:08]} 3. exd5 {[%emt 0:00:00]} Qxd5 {[%emt 0:00:13]} 4. d4 {[%emt 0:00:00]} Nc6 {[%emt 0:00:53]} 5. Nf3 {[%emt 0:00:02]} Bg4 {[%emt 0:00:24]} 6. Be2 {[%emt 0:00:04]} Rd8 {[%emt 0:00:22]} 7. c4 {[%emt 0:02:57]} Qf5 {[%emt 0:00:16]} 8. d5 {[%emt 0:02:16]} Bxf3 {[%emt 0:00:36]} 9. Bxf3 {[%emt 0:00:02]} Nd4 {[%emt 0:00:12]} 10. Bg4 {[%emt 0:00:31]} Qe4+ {[%emt 0:01:06]} 11. Kf1 {[%emt 0:00:37]} Nf6 {[%emt 0:03:40]} 12. Bf3 {[%emt 0:01:34]} Nxf3 {[%emt 0:00:40]} 13. gxf3 {[%emt 0:00:19]} Qxc4+ {[%emt 0:00:05]} 14. Kg2 {[%emt 0:00:03]} Nxd5 {[%emt 0:00:30]} 15. Qb3 {[%emt 0:00:10]} Qxb3 {[%emt 0:00:38]} 16. axb3 {[%emt 0:00:01]} a6 {[%emt 0:00:07]} 17. Nc3 {[%emt 0:01:04]} e6 {[%emt 0:00:19]} 18. Ne4 {[%emt 0:06:49]} Be7 {[%emt 0:00:17]} 19. Bd2 {[%emt 0:03:56]} f5 {[%emt 0:04:49]} 20. Ng3 {[%emt 0:00:20]} Kf7 {[%emt 0:00:37]} 21. Rhc1 {[%emt 0:02:15]} Rc8 {[%emt 0:00:38]} 22. Kf1 {[%emt 0:00:36]} Rhd8 {[%emt 0:00:39]} 23. Ke2 {[%emt 0:00:18]} Bf6 {[%emt 0:00:24]} 24. Rc2 {[%emt 0:00:22]} Rd6 {[%emt 0:01:37]} 25. Nf1 {[%emt 0:01:34]} Rdc6 {[%emt 0:02:21]} 26. Ne3 {[%emt 0:01:26]} Nxe3 {[%emt 0:00:51]} 27. fxe3 {[%emt 0:01:00]} c4 {[%emt 0:00:08]} 28. b4 {[%emt 0:00:47]} c3 {[%emt 0:00:16]} 29. bxc3 {[%emt 0:00:05]} Bxc3 {[%emt 0:00:04]} 30. Raa2 {[%emt 0:00:24]} Be5 {[%emt 0:00:29]} 31. Rxc6 {[%emt 0:00:12]} Rxc6 {[%emt 0:00:09]} 32. h3 {[%emt 0:01:34]} Bc3 {[%emt 0:02:21]} 33. b5 {[%emt 0:02:39]} axb5 {[%emt 0:01:05]} 34. Ra7 {[%emt 0:00:02]} b4 {[%emt 0:00:48]} 35. Rxb7+ {[%emt 0:00:11]} Kf6 {[%emt 0:00:37]} 36. f4 {[%emt 0:01:27]} Kg6 {[%emt 0:00:29]} 37. Be1 {[%emt 0:01:22]} Kh5 {[%emt 0:02:14]} 38. Rb5 {[%emt 0:01:17]} Bxe1 {[%emt 0:00:41]} 39. Kxe1 {[%emt 0:00:01]} Kh4 {[%emt 0:00:19]} 40. Rxb4 {[%emt 0:00:15]} Rc7 {[%emt 0:01:05]} 41. Kf2 {[%emt 0:30:11]} Kxh3 {[%emt 0:30:13]} 42. Kf3 {[%emt 0:00:07]} Kh4 {[%emt 0:02:27]} 43. Rb6 {[%emt 0:00:24] normal} 1/2-1/2

[Event "GER-ch Youth U18 2019"]
[Site "Willingen"]
[Date "2019.06.10"]
[Round "3.10"]
[White "Hinrichs, Niklas"]
[Black "Muetsch, Annmarie"]
[Result "0-1"]
[WhiteElo "2115"]
[BlackElo "2266"]
[Annotator "NA"]
[PlyCount "54"]
[EventDate "2019.06.07"]
[EventType "swiss"]
[EventRounds "9"]
[EventCountry "GER"]
[SourceTitle "playchess.com"]
[Source "ChessBase"]
[SourceQuality "1"]
[TimeControl "40/5400+30:1800+30"]

1. d4 {[%emt 0:00:00]} Nf6 {[%emt 0:00:00]} 2. c4 {[%emt 0:00:00]} g6 {[%emt 0:00:00]} 3. Nc3 {[%emt 0:00:00]} Bg7 {[%emt 0:00:00]} 4. e4 {[%emt 0:00:00]} d6 {[%emt 0:00:00]} 5. f3 {[%emt 0:00:00]} O-O {[%emt 0:00:00]} 6. Be3 {[%emt 0:00:00]} c5 {[%emt 0:00:02]} 7. dxc5 {[%emt 0:00:14]} dxc5 {[%emt 0:01:26]} 8. Qxd8 {[%emt 0:00:05]} Rxd8 {[%emt 0:00:02]} 9. Bxc5 {[%emt 0:00:04]} Nc6 {[%emt 0:01:26]} 10. Be3 {[%emt 0:00:22]} Nb4 {[%emt 0:01:17]} 11. Rc1 {[%emt 0:01:29]} Be6 {[%emt 0:03:29]} 12. Nh3 {[%emt 0:02:43]} Nd3+ {[%emt 0:03:51]} 13. Bxd3 {[%emt 0:00:16]} Rxd3 {[%emt 0:00:04]} 14. Nd1 {[%emt 0:00:09]} Bxh3 {[%emt 0:03:54]} 15. gxh3 {[%emt 0:00:03]} Nh5 {[%emt 0:02:31]} 16. Ke2 {[%emt 0:03:02]} Rad8 {[%emt 0:00:25]} 17. b3 {[%emt 0:04:14]} Be5 {[%emt 0:06:47]} 18. Nf2 {[%emt 0:02:03]} Rxe3+ {[%emt 0:06:31]} 19. Kxe3 {[%emt 0:00:09]} Bf4+ {[%emt 0:00:09]} 20. Ke2 {[%emt 0:00:05]} Rd2+ {[%emt 0:00:08]} 21. Ke1 {[%emt 0:55:32]} Rxa2 {[%emt 0:07:14]} 22. Rd1 {[%emt 0:06:13]} Be3 {[%emt 0:06:59]} 23. Nd3 {[%emt 0:01:51]} g5 {[%emt 0:06:21]} 24. Nb4 {[%emt 0:06:12]} Rb2 {[%emt 0:03:31]} 25. Nd3 {[%emt 0:04:39]} Rc2 {[%emt 0:09:37]} 26. Nb4 {[%emt 0:01:55]} Rg2 {[%emt 0:00:15]} 27. Nd5 {[%emt 0:01:09]} Nf4 {[%emt 0:07:25] normal} 0-1

[Event "GER-ch Youth U18 2019"]
[Site "Willingen"]
[Date "2019.06.10"]
[Round "3.11"]
[White "Runte, Moritz"]
[Black "Martin, Julian"]
[Result "1/2-1/2"]
[WhiteElo "2096"]
[BlackElo "2370"]
[Annotator "NA"]
[PlyCount "42"]
[EventDate "2019.06.07"]
[EventType "swiss"]
[EventRounds "9"]
[EventCountry "GER"]
[SourceTitle "playchess.com"]
[Source "ChessBase"]
[SourceQuality "1"]
[TimeControl "40/5400+30:1800+30"]

1. e4 {[%emt 0:00:00]} c5 {[%emt 0:00:00]} 2. Nf3 {[%emt 0:00:00]} d6 {[%emt 0:00:00]} 3. d4 {[%emt 0:00:00]} cxd4 {[%emt 0:00:07]} 4. Nxd4 {[%emt 0:00:00]} Nf6 {[%emt 0:00:07]} 5. Nc3 {[%emt 0:00:00]} e5 {[%emt 0:04:43]} 6. Nde2 {[%emt 0:08:29]} Be7 {[%emt 0:06:24]} 7. g3 {[%emt 0:01:14]} Be6 {[%emt 0:00:35]} 8. Bg2 {[%emt 0:01:36]} Nc6 {[%emt 0:01:22]} 9. O-O {[%emt 0:05:49]} O-O {[%emt 0:01:09]} 10. h3 {[%emt 0:02:25]} Qd7 {[%emt 0:23:51]} 11. Kh2 {[%emt 0:09:45]} Ne8 {[%emt 0:22:02]} 12. g4 {[%emt 0:07:53]} Nc7 {[%emt 0:03:03]} 13. Ng3 {[%emt 0:04:36]} Bc4 {[%emt 0:09:26]} 14. Re1 {[%emt 0:04:21]} Bh4 {[%emt 0:00:17]} 15. Nd5 {[%emt 0:10:41]} Bxg3+ {[%emt 0:01:37]} 16. fxg3 {[%emt 0:06:05]} Ne7 {[%emt 0:00:47]} 17. Nxc7 {[%emt 0:04:39]} Qxc7 {[%emt 0:00:29]} 18. b3 {[%emt 0:00:43]} Be6 {[%emt 0:00:15]} 19. Re3 {[%emt 0:03:10]} b5 {[%emt 0:05:35]} 20. Rd3 {[%emt 0:02:40]} Nc6 {[%emt 0:00:48]} 21. c3 {[%emt 0:01:01]} a5 {[%emt 0:01:25] normal} 1/2-1/2

[Event "GER-ch Youth U18 2019"]
[Site "Willingen"]
[Date "2019.06.10"]
[Round "3.12"]
[White "Schnabel, Bennett"]
[Black "Schneider, Jana"]
[Result "1/2-1/2"]
[WhiteElo "2125"]
[BlackElo "2235"]
[Annotator "NA"]
[PlyCount "45"]
[EventDate "2019.06.07"]
[EventType "swiss"]
[EventRounds "9"]
[EventCountry "GER"]
[SourceTitle "playchess.com"]
[Source "ChessBase"]
[SourceQuality "1"]
[TimeControl "40/5400+30:1800+30"]

1. c4 {[%emt 0:00:00]} e6 {[%emt 0:01:49]} 2. g3 {[%emt 0:05:50]} d5 {[%emt 0:00:24]} 3. Bg2 {[%emt 0:00:09]} Nf6 {[%emt 0:00:35]} 4. d4 {[%emt 0:01:41]} Bb4+ {[%emt 0:01:10]} 5. Bd2 {[%emt 0:03:19]} Bd6 {[%emt 0:00:13]} 6. Nc3 {[%emt 0:03:24]} c6 {[%emt 0:08:55]} 7. e4 {[%emt 0:02:57]} dxe4 {[%emt 0:04:52]} 8. Nxe4 {[%emt 0:00:13]} Nxe4 {[%emt 0:00:18]} 9. Bxe4 {[%emt 0:00:09]} Nd7 {[%emt 0:01:15]} 10. Bc3 {[%emt 0:01:17]} O-O {[%emt 0:07:08]} 11. Nf3 {[%emt 0:02:57]} c5 {[%emt 0:05:32]} 12. O-O {[%emt 0:01:09]} Nf6 {[%emt 0:10:23]} 13. Bc2 {[%emt 0:01:51]} b6 {[%emt 0:02:52]} 14. Ne5 {[%emt 0:10:09]} Bb7 {[%emt 0:01:21]} 15. Ng4 {[%emt 0:00:53]} Ne4 {[%emt 0:17:22]} 16. Qd3 {[%emt 0:05:17]} cxd4 {[%emt 0:07:01]} 17. Qxd4 {[%emt 0:03:42]} e5 {[%emt 0:00:22]} 18. Qd3 {[%emt 0:20:40]} Ng5 {[%emt 0:00:25]} 19. Rfd1 {[%emt 0:00:55]} Qc8 {[%emt 0:10:29]} 20. Qf5 {[%emt 0:06:24]} Qxf5 {[%emt 0:04:20]} 21. Bxf5 {[%emt 0:00:01]} Rad8 {[%emt 0:00:30]} 22. h4 {[%emt 0:04:28]} Nf3+ {[%emt 0:01:05]} 23. Kf1 {[%emt 0:00:06] normal} 1/2-1/2

[Event "GER-ch Youth U18 2019"]
[Site "Willingen"]
[Date "2019.06.10"]
[Round "3.13"]
[White "Engel, Robert"]
[Black "Knoedler, Marcel"]
[Result "1/2-1/2"]
[WhiteElo "2067"]
[BlackElo "1633"]
[Annotator "NA"]
[PlyCount "74"]
[EventDate "2019.06.07"]
[EventType "swiss"]
[EventRounds "9"]
[EventCountry "GER"]
[SourceTitle "playchess.com"]
[Source "ChessBase"]
[SourceQuality "1"]
[TimeControl "40/5400+30:1800+30"]

1. e4 {[%emt 0:00:00]} c6 {[%emt 0:00:00]} 2. d4 {[%emt 0:00:00]} d5 {[%emt 0:00:00]} 3. Nc3 {[%emt 0:00:00]} dxe4 {[%emt 0:00:10]} 4. Nxe4 {[%emt 0:00:02]} Nf6 {[%emt 0:00:03]} 5. Nxf6+ {[%emt 0:00:06]} exf6 6. Nf3 {[%emt 0:09:57]} Bd6 {[%emt 0:03:26]} 7. Bd3 {[%emt 0:00:16]} O-O {[%emt 0:02:59]} 8. O-O {[%emt 0:07:36]} Be6 {[%emt 0:17:37]} 9. b3 {[%emt 0:10:32]} Qa5 {[%emt 0:11:29]} 10. h3 {[%emt 0:02:10]} Qh5 11. Nd2 {[%emt 0:06:25]} Qh4 {[%emt 0:07:43]} 12. Ne4 {[%emt 0:02:23]} Bc7 13. f4 f5 {[%emt 0:18:31]} 14. Ng5 {[%emt 0:03:06]} h6 15. Nxe6 {[%emt 0:03:28]} fxe6 {[%emt 0:00:45]} 16. Qe2 {[%emt 0:03:19]} Qe7 17. Re1 Rf6 {[%emt 0:06:38]} 18. Bc4 {[%emt 0:07:38]} Kf7 {[%emt 0:01:27]} 19. Qh5+ {[%emt 0:06:16]} Kf8 {[%emt 0:05:32]} 20. Kh1 {[%emt 0:05:39]} b5 21. Bd3 Ba5 {[%emt 0:01:40]} 22. Re2 {[%emt 0:10:21]} Bc3 {[%emt 0:00:43]} 23. Rb1 Bxd4 {[%emt 0:02:44]} 24. Bd2 {[%emt 0:00:10]} Nd7 {[%emt 0:05:03]} 25. Be1 Qf7 26. Qf3 {[%emt 0:05:35]} e5 {[%emt 0:03:11]} 27. Bb4+ Kg8 {[%emt 0:01:50]} 28. fxe5 {[%emt 0:01:53]} Nxe5 29. Qf4 Nxd3 {[%emt 0:02:41]} 30. Qxd4 {[%emt 0:04:12]} Nxb4 {[%emt 0:00:55]} 31. Qxb4 {[%emt 0:00:03]} Re8 {[%emt 0:01:00]} 32. Rbe1 {[%emt 0:00:44]} Rfe6 {[%emt 0:00:45]} 33. Rxe6 {[%emt 0:00:05]} Rxe6 {[%emt 0:00:34]} 34. Rxe6 {[%emt 0:00:52]} Qxe6 35. a4 Qe4 {[%emt 0:02:58]} 36. Qc5 {[%emt 0:02:20]} a6 {[%emt 0:01:52]} 37. axb5 {[%emt 0:00:49]} axb5 {[%emt 0:00:31] normal} 1/2-1/2

[Event "GER-ch Youth U18 2019"]
[Site "Willingen"]
[Date "2019.06.10"]
[Round "3.14"]
[White "Sureshkumar, Atchuthan"]
[Black "Lange, Jannis"]
[Result "0-1"]
[WhiteElo "1502"]
[BlackElo "2024"]
[Annotator "NA"]
[PlyCount "40"]
[EventDate "2019.06.07"]
[EventType "swiss"]
[EventRounds "9"]
[EventCountry "GER"]
[SourceTitle "playchess.com"]
[Source "ChessBase"]
[SourceQuality "1"]
[TimeControl "40/5400+30:1800+30"]

1. e4 {[%emt 0:00:00]} c5 {[%emt 0:00:00]} 2. Nf3 {[%emt 0:00:00]} Nc6 {[%emt 0:00:00]} 3. d4 {[%emt 0:00:00]} cxd4 {[%emt 0:00:48]} 4. Nxd4 {[%emt 0:00:51]} Nf6 {[%emt 0:00:23]} 5. Nc3 {[%emt 0:01:28]} e5 {[%emt 0:00:10]} 6. Ndb5 {[%emt 0:01:02]} d6 {[%emt 0:00:09]} 7. Bg5 {[%emt 0:00:09]} a6 {[%emt 0:00:04]} 8. Na3 {[%emt 0:02:47]} b5 {[%emt 0:00:23]} 9. Nd5 {[%emt 0:00:18]} Be7 {[%emt 0:00:05]} 10. Bxf6 {[%emt 0:00:31]} Bxf6 {[%emt 0:00:56]} 11. c4 {[%emt 0:00:12]} b4 {[%emt 0:13:51]} 12. Nc2 {[%emt 0:04:27]} a5 {[%emt 0:02:10]} 13. Be2 {[%emt 0:05:12]} Bg5 {[%emt 0:01:06]} 14. O-O {[%emt 0:03:25]} O-O {[%emt 0:03:45]} 15. b3 {[%emt 0:08:23]} Be6 {[%emt 0:15:00]} 16. f4 {[%emt 0:01:31]} exf4 {[%emt 0:16:51]} 17. Nxf4 {[%emt 0:04:36]} Bf6 {[%emt 0:02:27]} 18. Rb1 {[%emt 0:04:18]} Be5 {[%emt 0:09:56]} 19. Nd5 {[%emt 0:13:03]} Qh4 {[%emt 0:02:26]} 20. h3 Bxh3 {normal} 0-1

[Event "GER-ch Youth U18 2019"]
[Site "Willingen"]
[Date "2019.06.11"]
[Round "4.1"]
[White "Kuznecovs, Nikita"]
[Black "Engel, Luis"]
[Result "0-1"]
[WhiteElo "2317"]
[BlackElo "2512"]
[Annotator "RC"]
[PlyCount "102"]
[EventDate "2019.06.07"]
[EventType "swiss"]
[EventRounds "9"]
[EventCountry "GER"]
[SourceTitle "playchess.com"]
[Source "ChessBase"]
[SourceQuality "1"]
[TimeControl "40/5400+30:1800+30"]

1. Nf3 {[%emt 0:00:00]} d5 {[%emt 0:00:00]} 2. c4 {[%emt 0:02:07]} e6 {[%emt 0:00:00]} 3. b3 {[%emt 0:00:24]} Nf6 {[%emt 0:00:01]} 4. g3 {[%emt 0:00:22]} c5 {[%emt 0:00:59]} 5. Bg2 {[%emt 0:02:58]} Nc6 {[%emt 0:00:34]} 6. O-O {[%emt 0:00:41]} d4 {[%emt 0:00:37]} 7. e3 {[%emt 0:00:12]} e5 {[%emt 0:06:19]} 8. d3 {[%emt 0:05:43]} Be7 {[%emt 0:01:44]} 9. exd4 {[%emt 0:00:19]} exd4 {[%emt 0:00:11]} 10. Bg5 {[%emt 0:07:52]} O-O {[%emt 0:00:43]} 11. Bxf6 {[%emt 0:00:21]} Bxf6 {[%emt 0:00:07]} 12. Na3 {[%emt 0:00:13]} Bf5 {[%emt 0:02:40]} 13. Qd2 {[%emt 0:05:08]} Re8 {[%emt 0:04:11]} 14. Rfe1 {[%emt 0:03:11]} Qd7 {[%emt 0:09:31]} 15. Nc2 {[%emt 0:01:57]} a5 {[%emt 0:02:38]} 16. Rxe8+ {[%emt 0:09:39]} Rxe8 {[%emt 0:00:16]} 17. a3 {[%emt 0:00:06]} h6 {[%emt 0:03:54]} 18. h4 {[%emt 0:08:32]} Qc7 {[%emt 0:09:14]} 19. Rb1 {[%emt 0:01:28]} Qb6 {[%emt 0:01:59]} 20. Kh2 {[%emt 0:09:08]} Re7 {[%emt 0:06:53]} 21. Kg1 {[%emt 0:15:45]} Qa6 {[%emt 0:10:33]} 22. Re1 {[%emt 0:09:13]} b5 {[%emt 0:03:09]} 23. Rxe7 {[%emt 0:05:42]} Nxe7 {[%emt 0:02:28]} 24. Qe2 {[%emt 0:00:45]} a4 {[%emt 0:01:19]} 25. g4 {[%emt 0:07:48]} Bxg4 {[%emt 0:01:29]} 26. b4 {[%emt 0:01:55]} bxc4 {[%emt 0:01:55]} 27. dxc4 {[%emt 0:00:10]} Bf5 {[%emt 0:01:13]} 28. b5 {[%emt 0:00:29]} Qa5 {[%emt 0:02:32]} 29. Nce1 {[%emt 0:00:39]} Be6 {[%emt 0:05:02]} 30. Qc2 {[%emt 0:00:53]} Nc8 {[%emt 0:01:54]} 31. Bf1 {[%emt 0:00:36]} Nb6 {[%emt 0:01:19]} 32. Nd3 {[%emt 0:01:12]} Qc3 {[%emt 0:01:22]} 33. Qxc3 {[%emt 0:00:26]} dxc3 {[%emt 0:00:06]} 34. Nfe1 {[%emt 0:00:35]} Bxc4 {[%emt 0:04:12]} 35. Nxc5 {[%emt 0:00:10]} Bb3 {[%emt 0:00:45]} 36. Bd3 {[%emt 0:00:29]} Be7 {[%emt 0:00:32]} 37. Ne4 {[%emt 0:00:10]} Bxa3 {[%emt 0:00:07]} 38. Nxc3 {[%emt 0:00:24]} Bb4 {[%emt 0:00:06]} 39. Nxa4 {[%emt 0:00:05]} Bxa4 {[%emt 0:00:30]} 40. Nf3 {[%emt 0:01:36]} Bb3 {[%emt 0:01:03]} 41. Be4 {[%emt 0:04:53]} Bd5 {[%emt 0:00:34]} 42. Bxd5 {[%emt 0:00:12]} Nxd5 {[%emt 0:00:06]} 43. Ne5 {[%emt 0:00:42]} f6 {[%emt 0:00:49]} 44. Nc4 {[%emt 0:00:56]} Bc5 {[%emt 0:00:19]} 45. Kg2 {[%emt 0:00:13]} Kf7 {[%emt 0:00:14]} 46. Kg3 {[%emt 0:02:09]} Nc3 {[%emt 0:01:28]} 47. b6 {[%emt 0:00:23]} Ne4+ {[%emt 0:00:06]} 48. Kf4 {[%emt 0:01:00]} Nd6 {[%emt 0:00:10]} 49. b7 {[%emt 0:00:11]} Nxb7 {[%emt 0:00:12]} 50. f3 {[%emt 0:00:06]} Nd6 {[%emt 0:00:16]} 51. Nb2 {[%emt 0:00:13]} Kg6 {[%emt 0:00:58] normal} 0-1

[Event "GER-ch Youth U18 2019"]
[Site "Willingen"]
[Date "2019.06.11"]
[Round "4.2"]
[White "Buckels, Valentin"]
[Black "Roseneck, Jonas"]
[Result "1-0"]
[WhiteElo "2443"]
[BlackElo "2403"]
[Annotator "TA"]
[PlyCount "113"]
[EventDate "2019.06.07"]
[EventType "swiss"]
[EventRounds "9"]
[EventCountry "GER"]
[SourceTitle "playchess.com"]
[Source "ChessBase"]
[SourceQuality "1"]

{[%evp 16,113,22,20,37,-6,0,-22,-18,-27,0,0,0,-14,0,-8,0,-5,50,26,44,49,50,33,39,50,52,37,53,54,96,90,77,95,82,47,72,52,99,97,106,84,106,59,82,57,93,8,148,109,107,43,137,121,118,122,122,114,97,89,143,63,72,0,0,0,0,0,0,0,0,0,0,0,53,49,50,48,54,48,52,56,56,55,436,442,419,424,336,206,636,607,752,672,697,656,1976,1786,1288,1305]} 1. Nf3 Nf6 2. g3 g6 3. b3 Bg7 4. Bb2 O-O 5. Bg2 d5 6. c4 c6 7. O-O Bg4 8. d3 Bxf3 9. Bxf3 d4 {A11: English Opening: 1...c6} (9... e6 10. Nd2 Nbd7 11. Qc2 a5 12. a3 Qe7 13. Bg2 Rfd8 14. e3 Ne8 15. d4 b5 16. a4 b4 17. Rac1 Nd6 18. Rfd1 Rac8 19. Qd3 {½-½ (30) Grischuk,A (2771)-Kamsky,G (2666) St Petersburg 2018}) 10. e4 $146 ({Predecessor:} 10. Na3 e5 11. Nc2 Ne8 12. e3 Nc7 13. Bg2 Ne6 14. exd4 Nxd4 15. Nxd4 exd4 16. f4 Re8 17. f5 {1-0 (49) Villiers,T (2173)-Nayak,R (1901) Hull 2018}) 10... e5 11. Ba3 Re8 {The position is equal.} 12. Bg2 h5 13. Bc1 Nbd7 14. Bg5 Qc7 15. Bh3 Nh7 16. Bc1 h4 (16... Qd8 $11) 17. gxh4 Ndf6 18. f4 $1 exf4 $1 19. Bxf4 Qe7 20. Qf3 Nh5 21. Bg3 $1 Bh6 22. a4 Nf8 23. Na3 $1 Ne6 24. Bxe6 Qxe6 25. Nc2 Rad8 26. a5 a6 27. b4 {[%cal Bb3b4,Bb4b5,Bb5b6][%mdl 32]} Rd7 28. Rab1 Bg7 29. Na3 c5 30. b5 Be5 31. Rb2 (31. Bxe5 $16 Qxe5 32. Qg4) 31... Kh7 (31... Nxg3 $11 32. hxg3 Qh3) 32. Bxe5 Qxe5 33. Qg4 ({Better is} 33. Rg2 $16) 33... Rc7 (33... f5 $1 $14 34. exf5 Rg7) 34. Rg2 Re6 35. b6 Rce7 36. Nb1 Rf6 37. Rxf6 Qxf6 38. Nd2 ({White should play} 38. Rf2 $1 $16 {[%cal Rf2f6]} Qc6 39. Nd2) 38... Qf4 $1 $14 {[#]} 39. Nf1 (39. Qh3 $1 $16) 39... Re6 $11 40. Qxf4 Nxf4 {[%mdl 4096] Endgame KRN-KRN} 41. Rd2 Rf6 42. Ng3 Nh3+ 43. Kg2 Nf4+ 44. Kh1 Nh3 (44... Kg7 $11) 45. e5 $1 $14 {[%cal Re5f6]} Rf2 $1 {[%cal Rf2d2]} 46. Rd1 Ra2 {Threatens to win with ...Nf2+.} 47. Ne4 {Hoping for Rf1.} Nf2+ 48. Nxf2 Rxf2 {KR-KR} 49. Re1 {And now e6 would win.} Rd2 $2 {[%mdl 8192] [#]} ({Black should try} 49... Ra2 $1 $14) 50. e6 $1 $18 {[%cal Re6e7]} fxe6 51. Rxe6 Rxd3 52. Re5 Ra3 $2 (52... Rd1+ 53. Kg2 d3) 53. Rxc5 {White is clearly winning.} d3 54. Rc7+ Kh6 55. Rxb7 Rxa5 56. Rd7 Ra1+ 57. Kg2 {Accuracy: White = 65%, Black = 31%.} 1-0